Między sportową pasją a "obywatelskim" obowiązkiem : (Rekord nr 27896)
| 000 -Nagłówek | |
|---|---|
| fixed length control field | 01842nam a2200457 i 4500 |
| 001 - Nr kontrolny bibl., która utworzyła rek. | |
| control field | xx004874246 |
| 003 - Siglum bibl., której nr kontr. jest w 001 | |
| control field | NUKAT |
| 005 - Data i czas ostatniej operacji | |
| control field | 20260430112136.0 |
| 008 - Elementy pola stałej długości | |
| fixed length control field | 200601s2020 pl a |001 0 pol c |
| 020 ## - ISBN | |
| ISBN | 9788380988774 |
| dopowiedzenie | (oprawa twarda) : |
| warunki dostępności | zł 40,00 |
| 035 ## - Systemowy numer kontrolny | |
| systemowy numer kontrolny | (OCoLC)1164101134 |
| 035 ## - Systemowy numer kontrolny | |
| systemowy numer kontrolny | (NUKAT)xx004874246 |
| 040 ## - Instytucja sporządzająca opis | |
| Instytucja, która sporządziła opis | KAT U/MP |
| język katalgowania-trzyzn. kod | pol |
| zasady opisu | rda |
| Instytucja, która sporządziła rekord | KAT U/MPs |
| Instytucja, która zmodyfikowała rekord | KAT U/DL |
| -- | OLSZT 008/bak |
| 045 2# - Okres czasu dla zawartości | |
| czas między r. 9999 pne a nasz. czas. | d1945 |
| -- | d1960 |
| 046 ## - Kod rodz. daty, data1, data2 (daty pne) | |
| Begin/single date | 2020 |
| 100 1# - Hasło główne-nazwa osobowa | |
| Nazwa osobowa | Stefanik, Ryszard |
| Daty biograficzne | (1970- ). |
| rodzaj współpracy | Autor |
| 9 (RLIN) | 16275 |
| 245 10 - Tytuł właściwy i oznaczenie odpow. | |
| tytuł | Między sportową pasją a "obywatelskim" obowiązkiem : |
| dodatek do tytułu | szczecińskie kolarstwo w latach 1945-1960 / |
| dod. inf. ze s. tyt./ozn. odpow. | Ryszard Stefanik. |
| 260 ## - Adres wydawniczy | |
| miejsce wydania, dystrybucji itp. | Szczecin ; |
| -- | Warszawa : |
| nazwa wydawcy, dystrybutora itp. | Instytut Pamięci Narodowej - Komisja Ścigania Zbrodni przeciwko Narodowi Polskiemu. Oddział Szczecin, |
| data wydania, dystrybucji itp. | © copyright 2020. |
| 300 ## - Opis fizyczny | |
| objętość i/lub forma materiału | 424 strony : |
| inne szczegóły opisu fizycznego | ilustracje ; |
| format | 25 cm. |
| 336 ## - Content Type | |
| Term | Tekst |
| Code | txt |
| Source | rdacontent |
| 337 ## - Media Type | |
| Term | Bez urządzenia pośredniczącego |
| Code | n |
| Source | rdamedia |
| 338 ## - Carrier Type | |
| Term | Wolumin |
| Code | nc |
| Source | rdacarrier |
| 380 ## - Form of work | |
| Form of work | Książki |
| 380 ## - Form of work | |
| Form of work | Publikacje naukowe |
| 388 1# - TIME PERIOD OF CREATION | |
| Time period of creation term | 2001- |
| 490 1# - Tytuł serii i ks. wielotom.-nie do wysz. | |
| oznaczenie serii | Sport w PRL |
| 504 ## - Uwaga o bibliografii | |
| uwaga o bibliografii | Bibliografia na stronach 383-390. Indeks. |
| 648 #7 - SUBJECT ADDED ENTRY--CHRONOLOGICAL TERM | |
| Chronological term | 1901-2000 |
| Source of heading or term | DBN |
| 9 (RLIN) | 34996 |
| 648 #7 - SUBJECT ADDED ENTRY--CHRONOLOGICAL TERM | |
| Chronological term | 1945-1989 |
| Source of heading or term | DBN |
| 9 (RLIN) | 36043 |
| 650 #7 - Hasło przedmiotowe-nazwa pospolita | |
| nazwa pospolita lub geogr. | Kolarstwo |
| źródło hasła | DBN |
| 9 (RLIN) | 40998 |
| 650 #7 - Hasło przedmiotowe-nazwa pospolita | |
| nazwa pospolita lub geogr. | Wychowanie fizyczne |
| określnik geograficzny | Polska |
| określnik chronologiczny | 1945-1970. |
| źródło hasła | kaba |
| 9 (RLIN) | 40999 |
| 650 #7 - Hasło przedmiotowe-nazwa pospolita | |
| nazwa pospolita lub geogr. | Kolarstwo |
| określnik geograficzny | Polska |
| -- | Szczecin |
| określnik chronologiczny | 1945-1970. |
| źródło hasła | kaba |
| 9 (RLIN) | 41000 |
| 651 #7 - Hasło przedmiotowe-nazwa geogr. | |
| nazwa geograficzna | Szczecin (woj. zachodniopomorskie) |
| źródło hasła | DBN |
| 9 (RLIN) | 37319 |
| 655 #7 - Termin określający rodzaj/formę | |
| rodzaj/forma | Monografia |
| źródło terminu | DBN |
| 9 (RLIN) | 35240 |
| 658 ## - Nazwa określająca cel programu nauczania | |
| główny cel programu nauczania | Historia |
| 658 ## - Nazwa określająca cel programu nauczania | |
| główny cel programu nauczania | Kultura fizyczna i sport |
| 710 2# - Hasło dodatkowe - nazwa ciała zbior. | |
| nazwa ciała zbior. lub nazwa geogr. | Instytut Pamięci Narodowej - Komisja Ścigania Zbrodni przeciwko Narodowi Polskiemu. |
| nazwa jednostki podrzędnej | Oddział (Szczecin). |
| rodzaj współpracy | Wydawca |
| kod rodzaju współpracy | pbl |
| 9 (RLIN) | 14486 |
| 830 #0 - Hasło dod. serii i op. ks. wielotom. -tyt | |
| tytuł | Sport w PRL |
| 9 (RLIN) | 16245 |
| 920 ## - ISBN | |
| ISBN | 978-83-8098-877-4 (oprawa twarda) : zł 40,00 |
| 942 ## - ADDED ENTRY ELEMENTS (KOHA) | |
| Source of classification or shelving scheme | Dewey Decimal Classification |
| Koha item type | pozycje dostępne na miejscu |
| Status wycofania | Status zagubienia | Klasyfikacja | Status uszkodzenia | Blokada wypożyczeń | Kolekcja | Lokalizacja macierzysta | Lokalizacja bieżąca | Data nabycia | Numer akcesji | Źródło akcesji | Cena | Nr inwentarzowy | il. wypożyczeń | Sygnatura | Kod kreskowy | Date last seen | Price effective from | Typ egz. |
|---|---|---|---|---|---|---|---|---|---|---|---|---|---|---|---|---|---|---|
| Dewey Decimal Classification | nieuszkodzona | książka w magazynie | Biblioteka Instytutu Północnego w Olsztynie | Biblioteka Instytutu Północnego w Olsztynie | 30/11/2020 | D-36/2020 | dar | 40.00 | 59985 | 59985 | IPWK24089 | 30/04/2026 | 30/04/2026 | pozycje dostępne na miejscu |